| 000 | 01015cam a2200181 a 4500 | ||
|---|---|---|---|
| 999 |
_c3619 _d3619 |
||
| 020 | _a0471229180 | ||
| 050 | 0 | 0 |
_aHD49 _b.M565 2004 |
| 100 | 1 | _aMitroff, Ian I. | |
| 245 | 1 | 0 |
_aCrisis leadership : _bplanning for the unthinkable / _cIan Mitroff. |
| 260 |
_aHoboken, NJ : _bWiley, _cc2004. |
||
| 300 |
_axv, 121 p. : _bill. ; _c23 cm. |
||
| 500 | _aIncludes index | ||
| 505 | _aThe failure of conventional thinking -- The failure of conventional organizations -- The failure of conventional responses -- The rise of abnormal accidents: a brief history of crises -- The different languages of managers and executives: the personalities of individuals -- The personalities of organizations -- Crisis leadership and the Myers-Briggs -- The role of conflict in crisis leadership -- An expanded view of signal detection -- Thinking the absurd -- The vital importance of spirituality in crisis leadership. | ||
| 650 | 0 | _aCrisis management. | |
| 650 | 0 | _aLeadership. | |
| 650 | 0 | _aStrategic planning. | |
| 942 | _cBK | ||